000 00266nam a2200109Ia 4500
008 260210s9999 xx 000 0 und d
020 _a9788997603329
100 _aEqual Books
245 0 _aFrame: Details In Japan Architecture
260 _bEqual Books
942 _cUG
999 _c14313
_d14313